| 000 | 01858nam0a2200349 4500 | ||
|---|---|---|---|
| 001 | RU\NLR\bibl\1270300 | ||
| 005 | 20260405171946.0 | ||
| 010 |
_a978-5-8149-0536-9 _9100 |
||
| 021 |
_aRU _b2008-54040 _92993 |
||
| 035 | _a(NLR Aleph) 001256177 | ||
| 090 |
_a350107 _c350107 |
||
| 100 | _a20080908d2008 |||y0rusy50 ca | ||
| 101 | 0 |
_arus _aeng |
|
| 102 | _aRU | ||
| 105 | _ay ||||||||| | ||
| 200 | 1 |
_aПроблемы бизнеса _dBusiness issues _eучебное пособие по деловому английскому языку _e[для студентов 2-го и 3-го курсов экономического факультета] _fЛ.И. Воскресенская, Э.Г. Беззатеева _gФедер. агентство по образованию, Гос. образоват. учреждение высш. проф. образования "Ом. гос. техн. ун-т" _zeng |
|
| 210 |
_aОмск _cИзд-во ОмГТУ _d2008 |
||
| 215 |
_a192 с. _d20 |
||
| 320 | _aБиблиогр.: с. 191-192 | ||
| 510 | 1 |
_6z22790 _aBusiness issues _zeng |
|
| 606 | 1 |
_aАнглийский язык _xУчебные издания для экономистов _92396228 _3RU\NLR\auth\661428668 |
|
| 686 | _aШ143.21-93рус329.3 | ||
| 700 | 1 |
_4070 _8rus _7ca _aВоскресенская _bЛ. И. _gЛюбовь Иосифовна _3RU\NLR\auth\7773505 _956433 |
|
| 701 | 1 |
_4070 _8rus _7ca _aБеззатеева _bЭ. Г. _gЭвелина Гайковна _3RU\NLR\auth\7773523 _956451 |
|
| 790 | 1 |
_4070 _8rus _7ba _aVoskresenskaja _bL. I. _gLjubov' Iosifovna _3RU\NLR\auth\7773506 _956434 |
|
| 790 | 1 |
_4070 _8rus _7ba _aBezzateeeva _bÉ. G. _gÉvelina Gajkovna _3RU\NLR\auth\7773525 _956453 |
|
| 801 | 0 |
_aRU _bNLR _c20080908 _gRCR |
|
| 801 | 1 |
_aRU _bNLR _c20080908 |
|
| 830 | _a2-й авт. по базе | ||
| 942 | _cBOOK | ||
| 980 | _aNB | ||